Capitalisme contre capitalisme

Sparad:
Bibliografiska uppgifter
Huvudupphovsman: Albert, Michel
Materialtyp: Bok
Språk:Undetermined
Publicerad: Paris Éditions Du Seuil 1991
Ämnen:
Taggar: Lägg till en tagg
Inga taggar, Lägg till första taggen!
Thư viện lưu trữ: Trung tâm Học liệu Trường Đại học Cần Thơ
LEADER 00569nam a2200205Ia 4500
001 CTU_89188
008 210402s9999 xx 000 0 und d
082 |a 330.9 
082 |b A333 
100 |a Albert, Michel 
245 0 |a Capitalisme contre capitalisme 
245 0 |c Michel Albert 
260 |a Paris 
260 |b Éditions Du Seuil 
260 |c 1991 
650 |a Economic history,European economic community countries 
650 |x Economic conditions 
650 |y 1990- 
904 |i Tuyến 
980 |a Trung tâm Học liệu Trường Đại học Cần Thơ